Formovanie hospodárskej politiky pre dlhodobý ekonomický rast vedecké state z riešenia projektov VEGA 1/0421/1, VEGA 1/0795/12, VEGA 1/1057/12, VEGA 1/0477/13, VEGA 1/0570/11

Saved in:
Bibliographic Details
Other Authors: Fifeková, Elena, Nemcová, Edita, Tkáčová, Daniela, 1954-
Format: Book
Language:Slovak
Published: Bratislava Vydavateľstvo EKONÓM 2013
Subjects:
Tags: Add Tag
No Tags, Be the first to tag this record!

MARC

LEADER 00000nlm a2200000 4500
001 0182672
005 20240321094608.0
020 |a 978-80-225-3803-9 
041 0 |a slo 
044 |a SK 
245 1 0 |a Formovanie hospodárskej politiky pre dlhodobý ekonomický rast  |b vedecké state z riešenia projektov VEGA 1/0421/1, VEGA 1/0795/12, VEGA 1/1057/12, VEGA 1/0477/13, VEGA 1/0570/11  |c zostavila: Elena Fifeková ; recenzenti: Edita Nemcová, Daniela Tkáčová 
264 1 |a Bratislava  |b Vydavateľstvo EKONÓM  |c 2013 
300 |a CD-ROM [87 s.] 
610 2 0 |a rast hospodársky dlhodobý 
610 2 0 |a politika hospodárska 
610 2 0 |a investície 
700 1 |a Fifeková, Elena 
700 1 |a Nemcová, Edita 
700 1 |a Tkáčová, Daniela, 1954-